| 000 -CABECERA |
| campo de control de longitud fija |
00905nam a2200217 4500 |
| 005 - FECHA Y HORA DE LA ÚLTIMA TRANSACCIÓN |
| campo de control |
20210423000050.0 |
| 008 - DATOS DE LONGITUD FIJA--INFORMACIÓN GENERAL |
| campo de control de longitud fija |
210421s2001 ck |||fr|||| 001 0 spa d |
| 020 ## - NÚMERO INTERNACIONAL ESTÁNDAR DEL LIBRO |
| ISBN |
8430604162 |
| 040 ## - FUENTE DE LA CATALOGACIÓN |
| Centro catalogador/agencia de origen |
CENDOC CAAAP |
| Lengua de catalogación |
spa |
| Centro/agencia transcriptor |
CAAAP |
| 041 ## - CÓDIGO DE LENGUA |
| Código de lengua del texto/banda sonora o título independiente |
spa |
| 050 ## - SIGNATURA TOPOGRÁFICA DE LA BIBLIOTECA DEL CONGRESO |
| Número de clasificación |
HM 101 |
| Número de documento/Ítem |
S26 |
| 100 1# - ENTRADA PRINCIPAL--NOMBRE DE PERSONA |
| 9 (RLIN) |
2485 |
| Nombre personal |
Sartori, Giovanni |
| 245 ## - MENCIÓN DE TÍTULO |
| Título |
La sociedad multiétnica : |
| Subtitulo |
pluralismo, multiculturalismo y entranjeros / |
| Mención de responsabilidad, etc. |
Giovanni Sartori |
| 250 ## - MENCIÓN DE EDICIÓN |
| Mención de edición |
1ra ed. |
| 260 ## - PUBLICACIÓN, DISTRIBUCIÓN, ETC. |
| Lugar de publicación, distribución, etc. |
Madrid : |
| Nombre del editor, distribuidor, etc. |
Grupo Santillana , |
| Fecha de publicación, distribución, etc. |
2001 |
| 300 ## - DESCRIPCIÓN FÍSICA |
| Extensión |
139 p. |
| 505 ## - NOTA DE CONTENIDO CON FORMATO |
| Nota de contenido con formato |
Contiene : Pluralismo y tolerancia -- El empobrecimiento del concepto -- Niveles de análisis -- Comunidad pluraliste y reciprocidad -- Cultura, etnia y el otro -- La política del reconocimiento -- El retroceso de la ley al arbitrio -- Inmigración, integración y balcanización. |
| 650 10 - PUNTO DE ACCESO ADICIONAL DE MATERIA--TÉRMINO DE MATERIA |
| 9 (RLIN) |
89 |
| Término de materia o nombre geográfico como elemento de entrada |
Pluralismo Cultural |
| 650 20 - PUNTO DE ACCESO ADICIONAL DE MATERIA--TÉRMINO DE MATERIA |
| 9 (RLIN) |
132 |
| Término de materia o nombre geográfico como elemento de entrada |
Sociedad |
| 942 ## - ELEMENTOS PERSONALIZADOS KOHA |
| Fuente del sistema de clasificación o colocación |
|
| Fecha de catalogación |
22 - 04 - 2021 |
| Tipo de ítem Koha |
Libros |